000 01017cab a2200325 4500
001 ABS59051
008 090401t1998 xxu||||| |||| 00| 0 eng d
035 _a(Sirsi) u87552
041 _aeng
100 _aStapleton, T.
245 4 _aThe euro in your pocket
260 _c1998
350 _a0
490 _aEstates Gazette
_v(9828) 11 July 1998, 112-113(2)
520 _aConsiders the implications for the UK property market of the euro from 1 January 1999. Discusses the fluctuation of the UK pound against the euro, management of currency risk, payment of rent in euros, lease provisions, investment and stamp duty.
650 _aCURRENCY RISK
650 _aEURO
650 _aEXCHANGE RATE
650 _aINVESTMENT
650 _aLANDLORDS
650 _aLEASES
650 _aNATIONAL CURRENCIES
650 _aRENTS
650 _aSTAMP DUTY
650 _aTENANTS
690 _aPROPERTY-PROPERTY FINANCE AND INVESTMENT
700 _aSommerville, N.
942 _n0
948 _c22/07/1998
999 _c55238
_d55238